Developers will pay for dishing the dirt (Record no. 74505)
[ view plain ]
| 000 -LEADER | |
|---|---|
| fixed length control field | 01288cab a2200241 4500 |
| 001 - CONTROL NUMBER | |
| control field | ABS68178 |
| 008 - FIXED-LENGTH DATA ELEMENTS--GENERAL INFORMATION | |
| fixed length control field | 040818n2004 000 0 eng u |
| 035 ## - SYSTEM CONTROL NUMBER | |
| System control number | (Sirsi) u127098 |
| 100 ## - MAIN ENTRY--PERSONAL NAME | |
| Personal name | Thomas, J. |
| 245 ## - TITLE STATEMENT | |
| Title | Developers will pay for dishing the dirt |
| 260 ## - PUBLICATION, DISTRIBUTION, ETC. | |
| Date of publication, distribution, etc. | 2004 |
| 490 ## - SERIES STATEMENT | |
| Series statement | Estates Gazette |
| Volume/sequential designation | (0431) 31 July 2004, 84-85(2) |
| 520 ## - SUMMARY, ETC. | |
| Summary, etc. | Examines the implications of the Landfill (England and Wales) (Amendment) Regulations 2004 for developers. The final phase of the landfill directive (Directive 99/31/EC) is now in force with hazardous waste only being accepted at sites where the operators have the appropriate designation and permits. Focuses on Ireland which is already fully compliant with the EU directive. In Ireland, waste disposal has been in crisis for years with sites close to capacity and no hazardous waste sites available. Consequently, this has forced the development of alternative remediation technologies. |
| 590 ## - LOCAL NOTE (RLIN) | |
| Local note | ABS |
| 650 ## - SUBJECT ADDED ENTRY--TOPICAL TERM | |
| Topical term or geographic name entry element | DIRECTIVE 99/31/EC |
| 650 ## - SUBJECT ADDED ENTRY--TOPICAL TERM | |
| Topical term or geographic name entry element | LANDFILL SITES |
| 650 ## - SUBJECT ADDED ENTRY--TOPICAL TERM | |
| Topical term or geographic name entry element | LANDFILL (ENGLAND AND WALES) (AMENDMENT) REGULATIONS 2004 |
| 650 ## - SUBJECT ADDED ENTRY--TOPICAL TERM | |
| Topical term or geographic name entry element | WASTE DISPOSAL CONTRACTORS |
| 650 ## - SUBJECT ADDED ENTRY--TOPICAL TERM | |
| Topical term or geographic name entry element | HAZARDOUS WASTE |
| 650 ## - SUBJECT ADDED ENTRY--TOPICAL TERM | |
| Topical term or geographic name entry element | BROWNFIELD SITES |
| 690 ## - LOCAL SUBJECT ADDED ENTRY--TOPICAL TERM (OCLC, RLIN) | |
| Topical term or geographic name as entry element | ENVIRONMENTAL AND LAND CONSULTANCY-WASTE MANAGEMENT |
| 942 ## - ADDED ENTRY ELEMENTS (KOHA) | |
| Suppress in OPAC | 0 |
| Withdrawn status | Lost status | Source of classification or shelving scheme | Damaged status | Not for loan | Home library | Current library | Shelving location | Date acquired | Total Checkouts | Full call number | Barcode | Date last seen | Copy number | Price effective from | Koha item type |
|---|---|---|---|---|---|---|---|---|---|---|---|---|---|---|---|
| Dewey Decimal Classification | London | London | Journal article | 18/08/2004 | ABS68178 | 127098-1001 | 06/08/2019 | 1 | 06/08/2019 | Journal article |